000 00424nam a22001817a 4500
003 NUST - PNEC
005 20170116181146.0
008 151012b xxu||||| |||| 00| 0 eng d
020 _a-
040 _cLIBRARY
082 _a891.4391 SHA
100 _915017
_aShaor, Anwar
245 _aMashq e Sukhun
_cAnwar Shaor
250 _a-
260 _cc.1997
650 _91769
_aUrdu Literature
_xGeneral
942 _2ddc
_cBK
999 _c70716
_d70716